000 00206nam a2200085 4500
001 1258246
005 20260303105937.0
245 _aÜNSÜZ YOUTUBERIN GÜNLÜĞÜ
_cMİYASE SERTBARUT
260 _bALTIN YAYINLARI
999 _c1258246
_d1258246